KOHA-Header-6

khush Rahney kay Tareekay (Record no. 2508)

000 -LEADER
fixed length control field 00260nam a2200109Ia 4500
008 - FIXED-LENGTH DATA ELEMENTS--GENERAL INFORMATION
fixed length control field 190802s9999 xx 000 0 und d
100 ## - MAIN ENTRY--PERSONAL NAME
Personal name Abdul fiqoor
245 #0 - TITLE STATEMENT
Title khush Rahney kay Tareekay
260 ## - PUBLICATION, DISTRIBUTION, ETC. (IMPRINT)
Place of publication, distribution, etc Lahore
Name of publisher, distributor, etc Darulshaour
Date of publication, distribution, etc 2014
300 ## - PHYSICAL DESCRIPTION
Extent 151:p
942 ## - ADDED ENTRY ELEMENTS (KOHA)
Koha item type Books
Holdings
Withdrawn status Lost status Damaged status Not for loan Collection code Permanent Location Current Location Shelving location Date acquired Total Checkouts Full call number Barcode Date last seen Date checked out Price effective from Koha item type
        Urdu Literature MAJU MAJU   2019-08-03 2 131.32 9131 2022-02-14 2022-02-01 2019-08-03 Urdu Literature

Powered by Koha